000
00207 a2200097 4500
001
47738
100
_a
Fraser R
245
_a
Once round the sun
260
_a
New York
_b
Macmillan
_c
090
_c
30742
_d
30742
942
_a
NUST-CAE
_c
M
_c
23050
999
_c
282811
_d
282811